What Country's is Antarctica controlled by or owned by - Statistics

General Stats
  • This quiz has been taken 18 times
  • The average score is 7 of 7
Answer Stats
Hint Answer % Correct
From Oceania Australia
100%
From South America Argentina
94%
From South America Chile
94%
From Europe France
94%
From Europe United Kingdom
94%
From Oceania New Zealand
89%
From Europe Norway
89%
No matching quizzes found
Score Distribution
Percent of People with Each Score
Percentile by Number Answered
Your Score History
You have not taken this quiz